| 000 | 00455nam a22001817a 4500 | ||
|---|---|---|---|
| 003 | NUST - PNEC | ||
| 005 | 20170116181029.0 | ||
| 008 | 150919b xxu||||| |||| 00| 0 eng d | ||
| 020 | _a8123906374 | ||
| 040 | _cLIBRARY | ||
| 082 | _a621.8 GRO | ||
| 100 |
_910985 _aGrover, O. P. |
||
| 245 |
_aMaleev & Hartman's machine design _cO. P. Grover |
||
| 250 | _a5th ed. | ||
| 260 | _cc.2001 | ||
| 650 |
_910988 _aMachine Design _xME, EE |
||
| 942 |
_2ddc _cBK |
||
| 999 |
_c67678 _d67678 |
||